00349cam a22001217a 4500008004000000082001300040100001500053245008200068260002600150300001000176650002200186700001900208180718b1981 xxu||||| |||| 00| 0 eng d aZ47 H663 aHodge, Ian aRural employment: trends, options and choicescby Ian Hodge and Martin Whitby aLondonbMethuenc1981 a262p. aEmployment, Rural aWhitby, Martin